000 00570nam a22002297a 4500
003 UA-OsUOA
001 22346
007 ta
008 20031218b un ||||| |||| 00| 0 ukr d
090 _a159.9016.4
_bП78
942 _cBK
040 _aUA-OsUOA
_brus
_cUA-OsUOA
_dUA-OsUOA
245 _aПроблемы психофизики
_cРед. Б.Ф.Ломова
300 _a251 с.
_bІлюстрації
955 _a0
041 _arus
080 _a159.9016.4
260 _aМосква
_bНаука
_c1974
044 _aRU
650 7 _2UDC
999 _c308564
_d308564